Battle of Tours - Statistics

General Stats
  • This quiz has been taken 8 times
  • The average score is 5 of 15
Answer Stats
Hint Answer % Correct
1. Modern-day country that Tours is located in France
100%
7. number 4's grandson Charlemagne
75%
13. Did number 4 or 5 die in battle(type number) 5
63%
4. and their leaders Charles Martel
63%
6. number 4's nickname The Hammer
38%
10. based off of this ancient leader Alexander
25%
5. Abdul Rahman al-Ghafiqi
13%
9. number 2's strategy Box
13%
11. number 3's strategy Cavalry charge
13%
2. Groups that were fighting Frankish Kingdom
13%
12. number 5 had no idea how many men he was facing because the enemy were.. Hiding
13%
3. Islamic Caliphate
13%
14. After he died the commanders argued about his ... Replacement
13%
8. number 3's reason for invading Wealth
13%
15 Number 3 began ... after the battle Losing power
0%
No matching quizzes found
Score Distribution
Percent of People with Each Score
Percentile by Number Answered
Your Score History
You have not taken this quiz